[Event "Olympiad-43"]
[Site "Batumi"]
[Date "2018.10.03"]
[Round "9.3"]
[White "Toure, Amadou"]
[Black "Dacres, Don"]
[Result "0-1"]
[WhiteElo "1859"]
[BlackElo "1780"]
[PlyCount "108"]
[EventDate "2018.09.24"]
[EventType "team-swiss"]
[EventRounds "11"]
[EventCountry "GEO"]
[SourceTitle "CBM 187"]
[Source "ChessBase"]
[SourceDate "2018.12.11"]
[SourceVersion "1"]
[SourceVersionDate "2018.12.11"]
[SourceQuality "1"]
[WhiteTeam "Mali"]
[BlackTeam "Bermuda"]
[WhiteTeamCountry "MLI"]
[BlackTeamCountry "BER"]

1. e4 c5 2. Nf3 e6 3. d4 cxd4 4. Nxd4 Nc6 5. Nxc6 bxc6 6. Bd3 d5 7. exd5 cxd5 8. 0-0 Nf6 9. Bg5 Be7 10. Nd2 0-0 11. Nf3 h6 12. Bh4 Rb8 13. b3 Nd7 14. Bxe7 Qxe7 15. c4 dxc4 16. Bxc4 Bb7 17. Qe2 Rfd8 18. Rfd1 Bxf3 19. Qxf3 Ne5 20. Qe4 Rxd1+ 21. Rxd1 Nxc4 22. Qxc4 Rd8 23. Rxd8+ Qxd8 24. Qe2 a5 25. h3 Qd5 26. Qc2 e5 27. Kh2 e4 28. g4 g6 29. Kg1 f5 30. Kf1 f4 31. f3 Qb5+ 32. Kg2 exf3+ 33. Kxf3 g5 34. Qg6+ Kh8 35. Qxh6+ Kg8 36. Qe6+ Kg7 37. Qe7+ Kg6 38. Qe2 Qb4 39. Qe4+ Kh6 40. h4 Qc3+ 41. Ke2 Qb2+ 42. Kd3 Qb1+ 43. Kd4 Qg1+ 44. Kc4 Qxg4 45. hxg5+ Kxg5 46. Qe7+ Kh5 47. Qh7+ Kg5 48. Qe7+ Kh5 49. Qe8+ Kh4 50. Qd8+ Kg3 51. Qxa5 f3+ 52. Kd3 f2 53. Qe5+ Kg2 54. Ke3 Qg3+ 0-1

[Event "Olympiad-43"]
[Site "Batumi"]
[Date "2018.09.30"]
[Round "6.78"]
[White "Dacres, Don"]
[Black "Fatima, Jose"]
[Result "1-0"]
[WhiteElo "1780"]
[BlackElo "1587"]
[PlyCount "91"]
[EventDate "2018.09.24"]
[EventType "team-swiss"]
[EventRounds "11"]
[EventCountry "GEO"]
[SourceTitle "CBM 187"]
[Source "ChessBase"]
[SourceDate "2018.12.11"]
[SourceVersion "1"]
[SourceVersionDate "2018.12.11"]
[SourceQuality "1"]
[WhiteTeam "Bermuda"]
[BlackTeam "Timor Leste"]
[WhiteTeamCountry "BER"]

1. e4 e5 2. Nf3 d6 3. Bc4 Bg4 4. Nc3 c6 5. 0-0 c5 6. d3 h6 7. Nxe5 dxe5 8. Qxg4 Nf6 9. Qg3 Nc6 10. f4 Nh5 11. Qg4 g6 12. f5 Nf6 13. Bxf7+ Kxf7 14. Qxg6+ Ke7 15. Nd5+ Qxd5 16. exd5 Rg8 17. d6+ Kd7 18. Qxf6 Bxd6 19. Qf7+ Ne7 20. f6 Raf8 21. Qh7 Rh8 22. Qe4 Nc6 23. f7 Kc7 24. Rf6 Nd4 25. Bxh6 Rxh6 26. Rxh6 Rxf7 27. Rh7 Ne2+ 28. Kh1 Rxh7 29. Qxh7+ Kb6 30. c3 Nf4 31. g3 Nd5 32. Qd7 Bc7 33. Qxd5 a6 34. Rf1 Ka7 35. Rf7 Kb8 36. Rxc7 Kxc7 37. Qxc5+ Kb8 38. Qxe5+ Ka7 39. g4 a5 40. Qxa5+ Kb8 41. Qd8+ Ka7 42. g5 Ka6 43. g6 Ka7 44. g7 Ka6 45. g8Q Kb5 46. Qc4# 1-0

[Event "Bermuda Festival"]
[Site "Hamilton"]
[Date "2018.08.14"]
[Round "2"]
[White "Dacres, Don"]
[Black "Gontcharov, Dimitri"]
[Result "1/2-1/2"]
[WhiteElo "1780"]
[BlackElo "1374"]
[PlyCount "108"]
[EventDate "2018.08.07"]
[EventType "swiss"]
[EventRounds "5"]
[EventCountry "BER"]
[SourceTitle "EXT 2019"]
[Source "ChessBase"]
[SourceDate "2018.10.10"]
[SourceVersion "1"]
[SourceVersionDate "2018.10.10"]
[SourceQuality "1"]

1. d4 Nf6 2. c4 e5 3. Nc3 Nc6 4. d5 Nd4 5. e4 c6 6. Nf3 Bc5 7. Be3 Qb6 8. Rb1 Nxf3+ 9. Qxf3 0-0 10. Bxc5 Qxc5 11. Bd3 d6 12. h3 Bd7 13. 0-0 a6 14. Rfc1 Qa7 15. b4 Rab8 16. a4 b5 17. axb5 axb5 18. Ra1 Qb6 19. cxb5 cxb5 20. Qe3 Qxe3 21. fxe3 Rb6 22. Ra7 Rc8 23. g4 h6 24. Ne2 Rxc1+ 25. Nxc1 Bxg4 26. hxg4 Nxg4 27. Ra5 Nxe3 28. Rxb5 Rxb5 29. Bxb5 f5 30. exf5 Nxf5 31. Bd3 Ne7 32. b5 Nc8 33. Na2 Kf7 34. Nc3 Nb6 35. Bc2 Ke7 36. Bb3 Kd7 37. Na4 Nxa4 38. Bxa4 Kc7 39. Bb3 Kb6 40. Bc4 Kc5 41. Kf2 g5 42. Kf3 h5 43. Ke4 g4 44. Be2 g3 45. Kf3 h4 46. b6 Kxb6 47. Bf1 Kc5 48. Ke4 Kb6 49. Bg2 Kc5 50. Bf1 Kb6 51. Bg2 Kc5 52. Bh3 Kc4 53. Bf1+ Kc5 54. Bg2 Kc4 1/2-1/2

[Event "Hamilton The Bermuda Longtail"]
[Site "Hamilton"]
[Date "2018.04.03"]
[Round "4"]
[White "Casanova, Rey"]
[Black "Dacres, Don"]
[Result "0-1"]
[WhiteElo "1691"]
[BlackElo "1765"]
[PlyCount "82"]
[EventDate "2018.03.13"]
[EventType "swiss"]
[EventRounds "6"]
[EventCountry "BER"]
[SourceTitle "EXT 2024"]
[Source "ChessBase"]
[SourceDate "2023.10.10"]
[SourceVersion "1"]
[SourceVersionDate "2023.10.10"]
[SourceQuality "1"]

1. e4 c6 2. Nf3 d5 3. e5 Bf5 4. d4 e6 5. Bd3 Bxd3 6. Qxd3 Ne7 7. 0-0 Qb6 8. Nh4 c5 9. c3 cxd4 10. cxd4 Nec6 11. Rd1 Be7 12. Nf3 Nd7 13. a3 0-0 14. Ng5 Bxg5 15. Bxg5 Qxb2 16. Nc3 Qb6 17. Nb5 h6 18. Be3 f6 19. f4 Na5 20. Nd6 Qd8 21. Rac1 Nb6 22. Bd2 Nac4 23. Nxc4 Nxc4 24. Bb4 Rf7 25. Rxc4 dxc4 26. Qxc4 Qd5 27. Qc3 fxe5 28. fxe5 Rd8 29. a4 Qxe5 30. dxe5 Rxd1+ 31. Qe1 Rxe1+ 32. Bxe1 Rc7 33. Bb4 b6 34. Kf2 a6 35. a5 b5 36. h3 Rc4 37. Bd6 b4 38. Ke3 b3 39. Ba3 Ra4 40. Bb2 Ra2 41. Bc1 b2 0-1

[Event "Hamilton Bermuda Cup"]
[Site "Hamilton"]
[Date "2017.12.03"]
[Round "4.2"]
[White "Gontcharov, Serguei"]
[Black "Dacres, Don"]
[Result "1-0"]
[WhiteElo "1872"]
[BlackElo "1750"]
[PlyCount "99"]
[EventDate "2017.10.10"]
[EventType "k.o."]
[EventRounds "4"]
[EventCountry "BER"]
[SourceTitle "EXT 2024"]
[Source "ChessBase"]
[SourceDate "2023.10.10"]
[SourceVersion "1"]
[SourceVersionDate "2023.10.10"]
[SourceQuality "1"]

1. e4 c5 2. c3 Nf6 3. e5 Nd5 4. Nf3 d6 5. d4 Bg4 6. dxc5 dxc5 7. Bb5+ Nc6 8. Bxc6+ bxc6 9. 0-0 e6 10. Qa4 Qc7 11. Qxg4 g6 12. Nbd2 Bg7 13. Nc4 0-0 14. Qh4 f6 15. exf6 Rxf6 16. Ng5 h5 17. Ne4 Rf7 18. Qg3 Nf4 19. Bxf4 Qxf4 20. Qxf4 Rxf4 21. f3 Raf8 22. Rad1 g5 23. Rd6 g4 24. Rxe6 gxf3 25. gxf3 R8f7 26. Rxc6 Bf8 27. Ne5 R7f5 28. Ng6 Rxf3 29. Rxf3 Rxf3 30. Nxf8 Rxf8 31. Nf6+ Kf7 32. Nxh5 Ke7 33. Rxc5 Kd6 34. Ra5 Kc6 35. Rxa7 Kb5 36. Ng3 Kc4 37. Kg2 Kb5 38. h4 Kb6 39. Rd7 Kc6 40. Rd4 Kc5 41. b4+ Kb5 42. h5 Rf6 43. Rd5+ Kc6 44. c4 Rf4 45. Rc5+ Kb6 46. h6 Rh4 47. Rh5 Rxc4 48. h7 Rc2+ 49. Kh3 Rxa2 50. h8Q 1-0

[Event "Hamilton Bermuda Cup"]
[Site "Hamilton"]
[Date "2017.11.15"]
[Round "3.1"]
[White "Mufandaedza, Moses"]
[Black "Dacres, Don"]
[Result "1-0"]
[WhiteElo "1929"]
[BlackElo "1750"]
[PlyCount "69"]
[EventDate "2017.10.10"]
[EventType "k.o."]
[EventRounds "4"]
[EventCountry "BER"]
[SourceTitle "EXT 2024"]
[Source "ChessBase"]
[SourceDate "2023.10.10"]
[SourceVersion "1"]
[SourceVersionDate "2023.10.10"]
[SourceQuality "1"]

1. d4 Nf6 2. c4 e6 3. Nf3 c5 4. d5 d6 5. Nc3 Be7 6. e4 exd5 7. cxd5 0-0 8. h3 a6 9. a4 b6 10. Bd3 h6 11. 0-0 a5 12. Re1 Na6 13. Bf4 Nb4 14. Bb1 Ba6 15. Nb5 Bxb5 16. axb5 Re8 17. Ra3 Qd7 18. Qe2 Bf8 19. Qc4 Rad8 20. Bd2 Rc8 21. Rae3 g5 22. Nxg5 hxg5 23. Rg3 Bg7 24. Rxg5 Re5 25. Rg3 Nh5 26. Rg4 Nf6 27. Rg3 Nh5 28. Ra3 Rce8 29. Rf1 R5e7 30. Qe2 Nf6 31. Rg3 Nxe4 32. Qh5 Nxg3 33. Qh7+ Kf8 34. Bh6 Ne2+ 35. Kh1 1-0

[Event "Hamilton Bermuda Cup"]
[Site "Hamilton"]
[Date "2017.11.07"]
[Round "2.2"]
[White "Casanova, Rey"]
[Black "Dacres, Don"]
[Result "0-1"]
[WhiteElo "1676"]
[BlackElo "1750"]
[PlyCount "96"]
[EventDate "2017.10.10"]
[EventType "k.o."]
[EventRounds "4"]
[EventCountry "BER"]
[SourceTitle "EXT 2024"]
[Source "ChessBase"]
[SourceDate "2023.10.10"]
[SourceVersion "1"]
[SourceVersionDate "2023.10.10"]
[SourceQuality "1"]

1. e4 c5 2. Nf3 g6 3. Bc4 Bg7 4. 0-0 Nf6 5. d3 Nc6 6. c3 0-0 7. e5 Ng4 8. d4 cxd4 9. cxd4 d5 10. Bb3 Nh6 11. Nc3 Be6 12. Ng5 Nf5 13. Nxe6 fxe6 14. Ne2 Qb6 15. Be3 Nxe3 16. fxe3 Bh6 17. Rxf8+ Rxf8 18. Qd2 Nxe5 19. Rf1 Rxf1+ 20. Kxf1 Ng4 21. Nf4 Nxh2+ 22. Kg1 Ng4 23. Qc3 Bxf4 24. exf4 Qc6 25. Qd2 Nh6 26. Bc2 Qb6 27. Bb1 Nf7 28. g4 e5 29. fxe5 Nxe5 30. Qc3 Qxd4+ 31. Qxd4 Nf3+ 32. Kf2 Nxd4 33. Ke3 e5 34. b4 Kf7 35. a4 Ke6 36. Bd3 Nc6 37. b5 Nb8 38. a5 Nd7 39. Be2 g5 40. Bd1 d4+ 41. Kd3 b6 42. axb6 Nc5+ 43. Kc4 axb6 44. Be2 d3 45. Bd1 Ne4 46. Ba4 d2 47. Bc2 Nf2 48. Bf5+ Kd6 0-1

[Event "Hamilton The Joe Lattyak"]
[Site "Hamilton"]
[Date "2017.09.19"]
[Round "3"]
[White "Dacres, Don"]
[Black "Casanova, Rey"]
[Result "0-1"]
[WhiteElo "1750"]
[BlackElo "1676"]
[PlyCount "76"]
[EventDate "2017.09.05"]
[EventType "swiss"]
[EventRounds "5"]
[EventCountry "BER"]
[SourceTitle "EXT 2024"]
[Source "ChessBase"]
[SourceDate "2023.10.10"]
[SourceVersion "1"]
[SourceVersionDate "2023.10.10"]
[SourceQuality "1"]

1. Nf3 d5 2. d4 Nc6 3. c4 e6 4. Nc3 Bb4 5. e3 Nf6 6. Qc2 Ne4 7. Bd3 Nxc3 8. bxc3 Be7 9. cxd5 exd5 10. 0-0 h6 11. e4 dxe4 12. Bxe4 0-0 13. d5 Nb8 14. Re1 Bd6 15. c4 b6 16. Bb2 f6 17. Bh7+ Kh8 18. Nh4 f5 19. Nxf5 Bxf5 20. Bxf5 Qh4 21. g3 Qg5 22. Be6 Na6 23. Re4 Qg6 24. Qe2 Rf4 25. Rxf4 Bxf4 26. Kh1 Bd6 27. f4 Re8 28. f5 Qxf5 29. Rf1 Qg6 30. Rf7 Qxf7 31. Qd1 Qf2 32. Bd4 Qxa2 33. Qh5 Qb1+ 34. Kg2 Qe4+ 35. Kh3 Rxe6 36. dxe6 Qxe6+ 37. g4 Kg8 38. Qb5 Qe2 0-1

[Event "Hamilton The Collie Cup"]
[Site "Hamilton"]
[Date "2016.12.06"]
[Round "3"]
[White "Dacres, Don"]
[Black "Casanova, Rey"]
[Result "1/2-1/2"]
[WhiteElo "1691"]
[BlackElo "1670"]
[PlyCount "110"]
[EventDate "2016.11.22"]
[EventType "swiss"]
[EventRounds "6"]
[EventCountry "BER"]
[SourceTitle "EXT 2024"]
[Source "ChessBase"]
[SourceDate "2023.10.10"]
[SourceVersion "1"]
[SourceVersionDate "2023.10.10"]
[SourceQuality "1"]

1. e4 e5 2. Bc4 c6 3. Nc3 Nf6 4. Nf3 d6 5. d4 Bg4 6. Be3 Be7 7. 0-0 b5 8. Be2 b4 9. dxe5 Bxf3 10. Bxf3 dxe5 11. Qxd8+ Bxd8 12. Na4 Nbd7 13. Nc5 0-0 14. Nd3 Be7 15. Rfe1 h6 16. Bd2 c5 17. c3 a5 18. b3 Rfc8 19. c4 Nh7 20. Bg4 Nhf6 21. Bd1 Rd8 22. f4 Nb8 23. Bc2 Nh7 24. fxe5 Nc6 25. Be3 Nf8 26. Nf4 Ne6 27. Nd5 Bg5 28. Bxg5 Nxg5 29. Rad1 Kf8 30. Rf1 Ne6 31. Rf2 Ncd4 32. Rdf1 Ra7 33. Bd1 Ng5 34. Rf4 Nde6 35. Rh4 Nd4 36. Rhf4 Re8 37. h4 Nge6 38. R4f2 Kg8 39. Bh5 Nd8 40. Rd2 Rxe5 41. Bf3 Nxf3+ 42. gxf3 Ne6 43. Kf2 Nd4 44. Ke3 f5 45. Rxd4 cxd4+ 46. Kxd4 Re8 47. e5 Kf7 48. f4 Re6 49. Rg1 h5 50. Rg5 g6 51. Rg3 Rd7 52. Rg2 Rc6 53. c5 Rd8 54. Rg1 Kg7 55. Re1 Kf7 1/2-1/2

[Event "Olympiad-42"]
[Site "Baku"]
[Date "2016.09.04"]
[Round "3.3"]
[White "Sanches, Casanova Romario"]
[Black "Dacres, Don"]
[Result "1-0"]
[WhiteElo "2082"]
[BlackElo "1713"]
[PlyCount "57"]
[EventDate "2016.09.02"]
[EventType "team-swiss"]
[EventRounds "11"]
[EventCountry "AZE"]
[SourceTitle "CBM 175"]
[Source "ChessBase"]
[SourceDate "2016.11.10"]
[SourceVersion "1"]
[SourceVersionDate "2016.11.10"]
[SourceQuality "1"]
[WhiteTeam "Surinam"]
[BlackTeam "Bermuda"]
[WhiteTeamCountry "SUR"]
[BlackTeamCountry "BER"]

1. c4 Nf6 2. Nc3 e6 3. Nf3 Bb4 4. Qb3 Bxc3 5. bxc3 0-0 6. d4 d5 7. Bg5 h6 8. Bxf6 gxf6 9. e3 Nc6 10. cxd5 Qxd5 11. Qc2 Kg7 12. Bd3 Bd7 13. Rb1 b6 14. Rb5 Qd6 15. Rh5 Rh8 16. 0-0 Rag8 17. Nd2 Qe7 18. f4 Kf8 19. Rh3 a5 20. Rhf3 h5 21. e4 h4 22. d5 exd5 23. exd5 Qc5+ 24. Kh1 Qxd5 25. Be4 Qe6 26. Rd3 f5 27. Bf3 Ne7 28. Nb3 c5 29. Qd2 1-0

[Event "Olympiad-42"]
[Site "Baku"]
[Date "2016.09.03"]
[Round "2.3"]
[White "Dacres, Don"]
[Black "Aithmidou, Mohamed Mehdi"]
[Result "0-1"]
[WhiteElo "1713"]
[BlackElo "2229"]
[PlyCount "62"]
[EventDate "2016.09.02"]
[EventType "team-swiss"]
[EventRounds "11"]
[EventCountry "AZE"]
[SourceTitle "CBM 175"]
[Source "ChessBase"]
[SourceDate "2016.11.10"]
[SourceVersion "1"]
[SourceVersionDate "2016.11.10"]
[SourceQuality "1"]
[WhiteTeam "Bermuda"]
[BlackTeam "Morocco"]
[WhiteTeamCountry "BER"]
[BlackTeamCountry "MAR"]

1. d4 Nf6 2. c4 e6 3. Nc3 Bb4 4. Bd2 b6 5. a3 Bxc3 6. Bxc3 Bb7 7. f3 d5 8. e3 Nbd7 9. Nh3 Qe7 10. Be2 e5 11. 0-0 exd4 12. exd4 0-0-0 13. Re1 Qe3+ 14. Nf2 Rhe8 15. Bd3 Qg5 16. Bd2 Qh4 17. g3 Qxd4 18. Bc3 Qc5 19. b4 Qc6 20. Bxf6 Rxe1+ 21. Qxe1 Qxf6 22. f4 dxc4 23. Be4 Bxe4 24. Nxe4 Qd4+ 25. Kg2 Nf6 26. Nxf6 Qxf6 27. Rc1 Qb2+ 28. Kg1 Qd4+ 29. Kh1 Rd6 30. Qe5 Qd3 31. Rc3 Qf1# 0-1